Рабочая книга PR-менеджера: пер. с англ.

Dettagli Bibliografici
Autore principale: Мейтленд Я. Ян
Riassunto:«Рабочая книга PR-менеджера» необходима любому молодому специалисту по связям с общественностью. Автор предлагает четкие алгоритмы, которые позволят сделать работу PR-менеджера максимально эффективной. Планирование рекламной кампании, подготовка пресс-релиза, проведение интервью, организация пресс-конференции — задачи, которые ежедневно должен решать специалист по связям с общественностью, подробно освещены в настоящем издании.
Lingua:russo
Pubblicazione: СПб., Питер, 2008
Serie:Маркетинг для профессионалов
Soggetti:
Natura: MixedMaterials Libro
KOHA link:https://koha.lib.tpu.ru/cgi-bin/koha/opac-detail.pl?biblionumber=157848

MARC

LEADER 00000nam0a2200000 4500
001 157848
005 20231101222007.0
010 |a 9785947232691 
035 |a (RuTPU)RU\TPU\book\171212 
035 |a RU\TPU\book\67703 
090 |a 157848 
100 |a 20040520d2008 km y0rusy50 ca 
101 1 |a rus  |c eng 
102 |a RU 
105 |a a z 001zy 
200 1 |a Рабочая книга PR-менеджера  |e пер. с англ.  |f Я. Мейтленд 
210 |a СПб.  |c Питер  |d 2008 
215 |a 167 с.  |c ил. 
225 1 |a Маркетинг для профессионалов 
320 |a Словарь терминов: с. 164-167. 
330 |a «Рабочая книга PR-менеджера» необходима любому молодому специалисту по связям с общественностью. Автор предлагает четкие алгоритмы, которые позволят сделать работу PR-менеджера максимально эффективной. Планирование рекламной кампании, подготовка пресс-релиза, проведение интервью, организация пресс-конференции — задачи, которые ежедневно должен решать специалист по связям с общественностью, подробно освещены в настоящем издании. 
606 1 |a Паблик Рилейшнз (ПР)  |2 stltpush  |3 (RuTPU)RU\TPU\subj\27914  |9 51569 
610 1 |a PR 
610 1 |a PR-деятельность 
610 1 |a PR-технологии 
610 1 |a PR-менеджеры 
610 1 |a планирование 
610 1 |a пресс-релиз 
610 1 |a подготовка 
610 1 |a интервью 
610 1 |a пресс-конференции 
610 1 |a организация 
610 1 |a PR-кампании 
610 1 |a связи с общественностью 
610 1 |a термины 
675 |a 659.4  |v 3 
700 1 |a Мейтленд  |b Я.  |g Ян 
801 1 |a RU  |b 63413507  |c 20090415  |g PSBO 
801 2 |a RU  |b 63413507  |c 20150623  |g PSBO 
942 |c BK 
959 |a 49/20090413  |d 2  |e 77,00  |f АНЛ:1  |f ЧЗГЛ:1